000 02035cam a2200241 4500500
005 20251228064140.0
041 _afre
042 _adc
100 1 0 _aSaliba-Chalhoub, Nicole
_eauthor
700 1 0 _aSchmitt, Christophe
_eauthor
245 0 0 _aDe l’emprise de l’inconscient dans les organisations
260 _c2025.
500 _a48
520 _aThrough this article, the authors propose to mobilize an original grid in order to understand the complexity in organizations: the psychoanalytic approach. This choice is not neutral. Indeed, while the reading grids mobilized in general are part of a paradigmatic logic based on consciousness, the aim here is to put forward a grid of reading allowing us to take into consideration the unconscious. The objective is not to position oneself in a dichotomous posture, conscious vs. unconscious, but rather to show the possible simultaneous and dialogical grasp of these two aspects, which allows approaching human complexity.
520 _aÀ travers cet article, les auteurs se proposent de mobiliser une grille de lecture originale pour aborder la complexité dans les organisations : l’approche psychanalytique. Ce choix n’est pas neutre. En effet, alors qu’habituellement, les grilles de lecture mobilisées s’inscrivent dans une logique paradigmatique fondée sur la conscience, il s’agit ici de mettre en avant une grille de lecture permettant de prendre en considération l’inconscient. L’objectif n’est pas de se positionner de façon dichotomique, conscient vs inconscient, mais bien de montrer la possible saisie simultanée et dialogique de ces deux aspects, laquelle permet d’aborder la complexité humaine.
690 _aconsciousness
690 _aentrepreneur
690 _aleader
690 _aorganization
690 _aunconscious
786 0 _nProjectics / Proyéctica / Projectique | 40 | 1 | 2025-05-13 | p. 73-86 | 2031-9703
856 4 1 _uhttps://shs.cairn.info/revue-projectique-2025-1-page-73?lang=fr&redirect-ssocas=7080
999 _c1589383
_d1589383